| 000 | 00762nam a2200193 a 4500 | ||
|---|---|---|---|
| 005 | 20210219160348.0 | ||
| 008 | 081020s1976 mx r 000 0 spa d | ||
| 035 | _aUPN01000163901 | ||
| 049 | _aUNE | ||
| 080 | _a37: 338 (853.2) NEG. | ||
| 100 | 1 | _aNegrón Alonso, Luis | |
| 245 | 1 | 3 |
_aEl Fenómeno educativo en el medio rural : _bzona de concentración de comunidades campesinas-Cuzco / _cLuis Negrón Alonso; Jaime Bonet Yepez. |
| 260 |
_aLima, Perú : _bMinisterio de Educación ; _bINIDE, _c1976. |
||
| 300 |
_av, 198 p. ; _bfot. |
||
| 690 | _aEducacion y desarrollo- Zonas rurales- Peru (Cuzco) | ||
| 690 | _aEducacion rural- Desarrollo de la comunidad- Peru (Cuzco) | ||
| 690 | _aPeru (Cuzco)- Educacion y desarrollo- Zonas rurales | ||
| 905 | _aUNESCO | ||
| 999 |
_c136014 _d136014 |
||